[Event "16e Open International - Réunion"]
[Site "Saint-Denis (974)"]
[Date "2014.10.24"]
[Round "8"]
[White "Labrande, Emmanuel"]
[Black "Etheve, Loic"]
[Result "1-0"]
[WhiteElo "1389"]
[BlackElo "1399"]
[PlyCount "73"]
[EventDate "2014.??.??"]

1. e4 e6 2. d4 d5 3. e5 c5 4. Nf3 Nc6 5. c3 Qb6 6. Be2 cxd4 7. cxd4 Nge7 8. O-O
Nf5 9. Qa4 Bd7 10. Bb5 Nxe5 11. Bxd7+ Nxd7 12. Ne5 Qc7 13. Rd1 a6 14. Nc3 Rd8
15. Bf4 Bd6 16. Rac1 Qb8 17. Re1 f6 18. Nxd7 Rxd7 19. Rxe6+ Kd8 20. Bxd6 Nxd6
21. Nxd5 Re8 22. Rxe8+ Nxe8 23. Nb6 Re7 24. Kf1 Rc7 25. Re1 Nd6 26. Qb4 Re7 27.
Rxe7 Kxe7 28. Qe1+ Kf7 29. d5 Qe8 30. Qb4 Qb5+ 31. Qxb5 Nxb5 32. Ke2 Ke7 33.
Kd3 Kd6 34. Kc4 Kc7 35. Kc5 Nd6 36. f3 Nc8 37. Nxc8 1-0

[Event "16e Open International - Réunion"]
[Site "Saint-Denis (974)"]
[Date "2014.10.24"]
[Round "8"]
[White "Sandjivy, Jean Marc"]
[Black "Atlan, Yoram"]
[Result "0-1"]
[WhiteElo "1366"]
[BlackElo "1270"]
[PlyCount "118"]
[EventDate "2014.??.??"]

1. c4 Nf6 2. Nc3 Nc6 3. Nf3 d5 4. cxd5 Nxd5 5. e4 Nxc3 6. bxc3 e5 7. Be2 Bc5 8.
Qb3 b6 9. Bc4 O-O 10. Bd5 Bb7 11. O-O Na5 12. Qb2 Bxd5 13. exd5 Qxd5 14. d4
exd4 15. cxd4 Nc4 16. Qc3 Bd6 17. Rd1 Ne5 18. Nxe5 Bxe5 19. Bb2 Rad8 20. h3 Bf4
21. Re1 Rfe8 22. Rad1 c5 23. dxc5 Rxe1+ 24. Rxe1 f6 25. g3 Be5 26. Qb4 Bxb2 27.
Qxb2 Qxc5 28. Rc1 Qe5 29. Qb4 Kf7 30. Re1 Qd6 31. Qb3+ Qd5 32. Qb4 Qc5 33. Qf4
Qd6 34. Qe3 Qd7 35. Qb3+ Kf8 36. Qc2 Qd3 37. Qa4 Qd7 38. Qe4 Re8 39. Qb1 Rxe1+
40. Qxe1 Qd5 41. Qb4+ Qc5 42. Qb1 g6 43. Qe4 Qe7 44. Qc6 Kf7 45. Qa4 f5 46. h4
Qe1+ 47. Kg2 Qe4+ 48. Qxe4 fxe4 49. f4 exf3+ 50. Kxf3 Ke6 51. Ke4 Kd6 52. Kd4
b5 53. a3 a6 54. g4 h5 55. g5 a5 56. Kc3 b4+ 57. axb4 axb4+ 58. Kxb4 Ke5 59.
Kc3 Kf4 0-1

[Event "16e Open International - Réunion"]
[Site "Saint-Denis (974)"]
[Date "2014.10.24"]
[Round "8"]
[White "Ringayen, Francinel"]
[Black "Le Maguet, Loan"]
[Result "1-0"]
[WhiteElo "1361"]
[BlackElo "1280"]
[PlyCount "147"]
[EventDate "2014.??.??"]

1. e4 c5 2. Nf3 d6 3. Bb5+ Bd7 4. Bxd7+ Nxd7 5. O-O Ngf6 6. Nc3 e5 7. Qe2 Be7
8. d3 h6 9. h3 O-O 10. Bd2 Qc7 11. Rfe1 Nb6 12. b3 a6 13. Rab1 Rfe8 14. a4 Rad8
15. Nh4 Kh7 16. Nf5 Nbd7 17. Nxe7 Rxe7 18. Qf3 Nb8 19. Qf5+ Kg8 20. Nd5 Nxd5
21. exd5 b5 22. axb5 axb5 23. c4 b4 24. Ra1 Ree8 25. Qg4 Kh8 26. Re3 Rg8 27.
Rf3 Qe7 28. Qf5 Rdf8 29. Ra8 Qb7 30. Ra1 Nd7 31. Qh5 Nf6 32. Qh4 Nh7 33. Ra2 f5
34. g3 Qf7 35. g4 Qg6 36. Qh5 Qxh5 37. gxh5 f4 38. Ra6 Ng5 39. Kg2 Nxf3 40.
Kxf3 Rd8 41. Rb6 Rge8 42. Bc1 Re7 43. Ke4 Rc7 44. d4 exd4 45. Bxf4 Rcd7 46. Bg3
Kg8 47. Kd3 Kf7 48. Ke4 g6 49. hxg6+ Kxg6 50. h4 Re8+ 51. Kd3 Rf8 52. Rxd6+
Rxd6 53. Bxd6 Rf3+ 54. Ke2 Rxb3 55. Bxc5 d3+ 56. Kd2 Rc3 57. d6 Ra3 58. d7 Ra2+
59. Kxd3 Ra1 60. Bxb4 Rd1+ 61. Bd2 Ra1 62. d8=Q Ra3+ 63. Bc3 Ra6 64. Kd4 Kf7
65. Kc5 Ke6 66. Qc8+ Kf7 67. Qxa6 Ke7 68. Qd6+ Kf7 69. Qf6+ Ke8 70. Qg7 Kd8 71.
Kc6 Ke8 72. Qa7 Kf8 73. Kd6 Kg8 74. Qg7# 1-0

[Event "16e Open International - Réunion"]
[Site "Saint-Denis (974)"]
[Date "2014.10.24"]
[Round "8"]
[White "Noel, Philippe"]
[Black "Lacouture, Alexandre"]
[Result "1-0"]
[WhiteElo "1297"]
[BlackElo "1210"]
[PlyCount "71"]
[EventDate "2014.??.??"]

1. e4 e5 2. Nf3 Nc6 3. Bc4 Bc5 4. d3 Nf6 5. Bg5 h6 6. Bxf6 Qxf6 7. Nc3 O-O 8.
Nd5 Qd8 9. O-O d6 10. a3 Bg4 11. c3 a6 12. h3 Bh5 13. g4 Bg6 14. Kh2 h5 15. g5
Ne7 16. Qd2 Nxd5 17. Bxd5 c6 18. Bb3 d5 19. Nxe5 Qd6 20. f4 dxe4 21. d4 Rfe8
22. Qe3 Bb6 23. Rad1 Re7 24. Qg3 Rf8 25. f5 e3 26. Qxe3 c5 27. Kh1 cxd4 28.
cxd4 Bxf5 29. Rxf5 g6 30. Rf6 Qc7 31. Rxg6+ Kh7 32. Rh6+ Kg7 33. Qd3 Qc6+ 34.
Nxc6 Rc8 35. Qh7+ Kf8 36. Qh8# 1-0

[Event "16e Open International - Réunion"]
[Site "Saint-Denis (974)"]
[Date "2014.10.24"]
[Round "8"]
[White "Caminade, Lionel"]
[Black "Cazal, Julian"]
[Result "1-0"]
[WhiteElo "1240"]
[BlackElo "1100"]
[PlyCount "55"]
[EventDate "2014.??.??"]

1. d4 d5 2. Nf3 c5 3. e3 Nc6 4. Bd3 Nf6 5. b3 Be6 6. Nbd2 g6 7. Bb2 Bf5 8. Bxf5
gxf5 9. O-O cxd4 10. exd4 e6 11. Re1 Rg8 12. Nh4 Be7 13. Nhf3 Ng4 14. h3 Nf6
15. Ne5 Nxe5 16. dxe5 Ne4 17. Nxe4 Rc8 18. Nf6+ Bxf6 19. exf6 Qd6 20. c4 d4 21.
Qh5 Qc6 22. f3 d3 23. Qxf5 Qb6+ 24. Kf1 Rc5 25. Qxd3 h5 26. Rad1 Rc8 27. Qd7+
Kf8 28. Qe7# 1-0

[Event "16e Open International - Réunion"]
[Site "Saint-Denis (974)"]
[Date "2014.10.24"]
[Round "8"]
[White "Collet, Marine Celine Theres"]
[Black "Hubert, Nathan"]
[Result "1-0"]
[WhiteElo "1009"]
[BlackElo "1099"]
[PlyCount "63"]
[EventDate "2014.??.??"]

1. e4 e5 2. Nf3 Nc6 3. Bc4 Bc5 4. O-O Nf6 5. d3 O-O 6. Nc3 d6 7. Be3 b6 8. h3
Qe8 9. Bg5 Qe7 10. Bxf6 Qxf6 11. Nd5 Qd8 12. Nh2 Be6 13. Kh1 Nd4 14. f4 Qd7 15.
fxe5 dxe5 16. Qd2 c6 17. Ne3 Nf5 18. exf5 Bxc4 19. Nxc4 e4 20. Rae1 Rfe8 21.
Rf4 Bd6 22. Rfxe4 Bxh2 23. Kxh2 Qc7+ 24. Kh1 Qc8 25. Qe2 h6 26. Nd6 Qb8 27.
Nxe8 Qc8 28. Nd6 Qd8 29. Re8+ Qxe8 30. Nxe8 Rxe8 31. Qxe8+ Kh7 32. Re7 1-0

[Event "16e Open International - Réunion"]
[Site "Saint-Denis (974)"]
[Date "2014.10.25"]
[Round "9"]
[White "Stahl, Clement"]
[Black "Wimmer, Olivier"]
[Result "1/2-1/2"]
[WhiteElo "2149"]
[BlackElo "2044"]
[PlyCount "29"]
[EventDate "2014.??.??"]

1. b3 a5 2. Bb2 b6 3. Nf3 Bb7 4. e3 Nf6 5. Be2 g6 6. O-O Bg7 7. c4 O-O 8. Qc2
Nc6 9. a3 d6 10. d3 e5 11. Nbd2 Ne7 12. Rfe1 Nd7 13. Bf1 Rc8 14. Rad1 Nc5 15.
b4 1/2-1/2

[Event "16e Open International - Réunion"]
[Site "Saint-Denis (974)"]
[Date "2014.10.25"]
[Round "9.2"]
[White "Mezouaghi, Miloud"]
[Black "Stratonowitsch, Andre"]
[Result "0-1"]
[WhiteElo "2037"]
[BlackElo "2124"]
[PlyCount "138"]
[EventDate "2014.??.??"]

1. e4 c5 2. Nf3 e6 3. b3 Nc6 4. Bb2 d6 5. Be2 Nf6 6. d3 Be7 7. Nbd2 d5 8. O-O
O-O 9. c4 dxe4 10. dxe4 Qc7 11. Qc2 e5 12. Bc3 Bg4 13. h3 Bh5 14. g4 Bg6 15.
Nh4 Nd4 16. Bxd4 cxd4 17. Qd3 Bb4 18. Nxg6 fxg6 19. Nf3 Nd7 20. c5 Kh8 21. Qc4
a5 22. Ng5 Nxc5 23. a3 Bc3 24. Rab1 Qe7 25. b4 axb4 26. axb4 Na6 27. b5 Rac8
28. Qe6 Qxg5 29. bxa6 bxa6 30. Qxa6 Qf4 31. Qd3 Bd2 32. Rbd1 Bb4 33. Qb5 Be7
34. Qb7 Bh4 35. Rd3 Rb8 36. Qd5 Qg5 37. Qd6 Qe7 38. Qxe7 Bxe7 39. Rc1 Rb2 40.
Kf1 h6 41. Rf3 Rxf3 42. Bxf3 d3 43. Rd1 Rb3 44. Kg2 Bh4 45. Rd2 Bg5 46. Rd1 Kg8
47. Ra1 d2 48. Be2 Rc3 49. Ra5 Bf4 50. Ra7 Rc1 51. Rd7 Kf8 52. h4 Ke8 53. Rd5
Ke7 54. Rd3 Rb1 55. h5 Rb6 56. Rd5 gxh5 57. gxh5 Rd6 58. Rxd6 Kxd6 59. Bd1 Ke6
60. Kf3 Kf6 61. Kg4 g6 62. hxg6 Kxg6 63. Ba4 Kf6 64. Bd1 Ke7 65. Kh3 Kd6 66.
Kg2 Kc5 67. Kf1 Kd4 68. Bc2 Kc3 69. Bd1 Kb2 0-1

[Event "16e Open International - Réunion"]
[Site "Saint-Denis (974)"]
[Date "2014.10.25"]
[Round "9"]
[White "Reinhart, Emmanuel"]
[Black "Roos, Louise"]
[Result "1-0"]
[WhiteElo "2355"]
[BlackElo "1914"]
[PlyCount "40"]
[EventDate "2014.??.??"]

1. e4 c5 2. Nf3 d6 3. d4 cxd4 4. Qxd4 Nc6 5. Bb5 Bd7 6. Bxc6 Bxc6 7. Nc3 Nf6 8.
Bg5 Qa5 9. O-O-O Ng4 10. h3 Ne5 11. Nxe5 dxe5 12. Qd3 e6 13. Kb1 f6 14. Bd2 Qb6
15. Be3 Bc5 16. Qc4 Bxe3 17. Qxe6+ Kf8 18. fxe3 Qxe3 19. Nd5 Re8 20. Qd6+ Kf7
1-0

[Event "16e Open International - Réunion"]
[Site "Saint-Denis (974)"]
[Date "2014.10.25"]
[Round "9"]
[White "Letreguilly, Olivier"]
[Black "Jourde, Michel"]
[Result "1-0"]
[WhiteElo "2332"]
[BlackElo "1805"]
[PlyCount "53"]
[EventDate "2014.??.??"]

1. d4 Nf6 2. Nf3 d6 3. Nc3 g6 4. e4 Bg7 5. h3 O-O 6. Be3 e5 7. dxe5 dxe5 8. Bc4
Nbd7 9. Qe2 c6 10. a4 Qc7 11. a5 b6 12. axb6 Nxb6 13. Bc5 Rd8 14. Bb3 h6 15.
Bxb6 Qxb6 16. Nxe5 Rf8 17. O-O Qc5 18. Nxg6 Re8 19. Qf3 Qg5 20. Nf4 Re7 21.
Nfe2 Nh5 22. Rfd1 Bd7 23. Kh1 Be5 24. Ra5 Kg7 25. Rxe5 Qxe5 26. Rxd7 Rxd7 27.
Qg4+ 1-0

[Event "16e Open International - Réunion"]
[Site "Saint-Denis (974)"]
[Date "2014.10.25"]
[Round "9"]
[White "Moret, Vincent"]
[Black "Calmels, Nicolas"]
[Result "0-1"]
[WhiteElo "2175"]
[BlackElo "1884"]
[PlyCount "74"]
[EventDate "2014.??.??"]

1. Nf3 d5 2. g3 g6 3. Bg2 Bg7 4. c4 Nf6 5. cxd5 Nxd5 6. Nc3 O-O 7. O-O c6 8. d4
Bg4 9. h3 Nxc3 10. bxc3 Bf5 11. Re1 Qc8 12. Kh2 Be4 13. Ba3 Re8 14. Qb3 e6 15.
Ng5 Bxg2 16. Kxg2 b5 17. Ne4 Qd7 18. Nc5 Qc7 19. f4 Nd7 20. Nxd7 Qxd7 21. e4 a5
22. Bc5 Bf8 23. Bxf8 Kxf8 24. Rad1 Qd6 25. c4 a4 26. Qc2 b4 27. c5 Qd7 28. Qb2
Rab8 29. d5 Kg8 30. d6 Rb5 31. Qd4 Reb8 32. h4 b3 33. axb3 Rxb3 34. h5 e5 35.
Qxe5 Qg4 36. f5 Rb2+ 37. Kg1 Qf3 0-1

[Event "16e Open International - Réunion"]
[Site "Saint-Denis (974)"]
[Date "2014.10.25"]
[Round "9"]
[White "Frelicot, Eric"]
[Black "Rodier, David"]
[Result "0-1"]
[WhiteElo "1841"]
[BlackElo "2136"]
[PlyCount "70"]
[EventDate "2014.??.??"]

1. c4 c5 2. Nc3 Nc6 3. Nf3 Nf6 4. g3 g6 5. Bg2 Bg7 6. O-O O-O 7. d3 d5 8. cxd5
Nxd5 9. Nxd5 Qxd5 10. Nd2 Qh5 11. e3 Qxd1 12. Rxd1 Bg4 13. f3 Bf5 14. Nb3 b6
15. f4 Bg4 16. Rd2 Rac8 17. h3 Be6 18. Kf2 a5 19. d4 Bxb3 20. axb3 cxd4 21.
Bxc6 dxe3+ 22. Kxe3 Rxc6 23. Rd7 Rfc8 24. Bd2 Bxb2 25. Ra4 Bc3 26. g4 Bxd2+ 27.
Kxd2 Rc2+ 28. Ke3 R8c3+ 29. Rd3 Rxd3+ 30. Kxd3 Rh2 31. b4 Rxh3+ 32. Ke4 h5 33.
bxa5 bxa5 34. Rxa5 hxg4 35. Rg5 f5+ 0-1

[Event "16e Open International - Réunion"]
[Site "Saint-Denis (974)"]
[Date "2014.10.25"]
[Round "9"]
[White "Rajaonson, Andriamahenina"]
[Black "Desire, Michael"]
[Result "0-1"]
[WhiteElo "1864"]
[BlackElo "1751"]
[PlyCount "93"]
[EventDate "2014.??.??"]

1. e4 c5 2. Nf3 d6 3. d4 cxd4 4. Nxd4 Nf6 5. Nc3 a6 6. Be2 e6 7. O-O Be7 8. f4
e5 9. Nf5 Bxf5 10. exf5 e4 11. Bc4 Qc8 12. Bd5 Nxd5 13. Nxd5 Qc5+ 14. Be3 Qc6
15. c4 Nd7 16. Qg4 Bf6 17. Nxf6+ gxf6 18. b3 O-O-O 19. Qh4 Rdf8 20. b4 Kb8 21.
Qf2 Rc8 22. Rfc1 d5 23. b5 axb5 24. cxb5 Qd6 25. Rd1 Nc5 26. Rd4 Rhd8 27. g3
Nd3 28. Qd2 Qa3 29. Qd1 Nb4 30. Bc1 Qc3 31. Rb1 Nd3 32. Be3 Nb2 33. Qe2 Nc4 34.
Rb3 Qa5 35. Bf2 Na3 36. Rd2 Rc1+ 37. Kg2 Nc4 38. Rc2 Rxc2 39. Qxc2 Qd2 40. Qxd2
Nxd2 41. Ra3 d4 42. Be1 Nc4 43. Ra4 Rc8 44. Bb4 d3 45. Kf2 e3+ 46. Ke1 d2+ 47.
Kd1 0-1

[Event "16e Open International - Réunion"]
[Site "Saint-Denis (974)"]
[Date "2014.10.25"]
[Round "9"]
[White "Collet, Jean Daniel"]
[Black "Duprey, Francois-Xavier"]
[Result "0-1"]
[WhiteElo "1699"]
[BlackElo "1764"]
[PlyCount "76"]
[EventDate "2014.??.??"]

1. e4 c5 2. d4 cxd4 3. c3 dxc3 4. Nxc3 Nc6 5. Nf3 g6 6. Bc4 Bg7 7. O-O e6 8.
Bg5 Nge7 9. Qd2 a6 10. Bh6 O-O 11. Bxg7 Kxg7 12. h3 Qc7 13. Qg5 b5 14. Bb3 Bb7
15. Rfd1 h6 16. Qe3 Na5 17. Qd4+ f6 18. Bc2 Nec6 19. Qd3 Nb4 20. Qe2 Nc4 21. a3
Nxc2 22. Qxc2 Rac8 23. Nh4 g5 24. Nf3 Ne5 25. Nh2 Qb6 26. Kh1 d5 27. exd5 exd5
28. Qf5 d4 29. Ne4 Qc6 30. Ng4 Nxg4 31. Qxg4 f5 32. Qg3 fxe4 33. Qe5+ Qf6 34.
Qg3 Qxf2 35. Qe5+ Qf6 36. Qh2 e3 37. Rf1 Qxf1+ 38. Rxf1 Rxf1+ 0-1

[Event "16e Open International - Réunion"]
[Site "Saint-Denis (974)"]
[Date "2014.10.25"]
[Round "9"]
[White "Fontaine, Cedric"]
[Black "Goorsahye, Antoine"]
[Result "0-1"]
[WhiteElo "1642"]
[BlackElo "1726"]
[PlyCount "112"]
[EventDate "2014.??.??"]

1. e4 e5 2. Nf3 Nc6 3. Bc4 Be7 4. d3 Nf6 5. Nc3 O-O 6. h3 d6 7. Nh2 Na5 8. Bb3
Nxb3 9. axb3 d5 10. Ng4 Nxg4 11. hxg4 c6 12. Qf3 Bg5 13. Qh3 h6 14. Bxg5 Qxg5
15. exd5 cxd5 16. Nxd5 Bxg4 17. Qe3 Qd8 18. Nc3 Bd7 19. Rxa7 Rxa7 20. Qxa7 Bc6
21. f3 Qg5 22. Qf2 f5 23. Qd2 Qg6 24. Ne2 Qxg2 25. Rg1 Qh2 26. Qe3 e4 27. f4
exd3 28. Qe6+ Kh8 29. Qe5 Qxe2+ 30. Qxe2 dxe2 31. Kxe2 Re8+ 32. Kd2 Re4 33. Rf1
b5 34. Kd3 b4 35. c4 Kg8 36. Rf2 Kf7 37. Rf1 Ke6 38. Rf2 g5 39. Rh2 Rxf4 40.
Rxh6+ Kd7 41. Rg6 g4 42. Ke3 Rf3+ 43. Kd4 g3 44. c5 Rf4+ 45. Ke5 Rg4 46. Rd6+
Kc7 47. Rd1 g2 48. Rg1 f4 49. Kf5 Bd7+ 50. Ke4 Bc6+ 51. Kd3 f3 52. Kc2 f2 53.
Kb1 fxg1=Q+ 54. Ka2 Qxc5 55. Kb1 g1=Q+ 56. Ka2 Qa5# 0-1

[Event "16e Open International - Réunion"]
[Site "Saint-Denis (974)"]
[Date "2014.10.25"]
[Round "9"]
[White "Payet, Jean-Claude"]
[Black "Andriandaza, Tombo Omar"]
[Result "0-1"]
[WhiteElo "1893"]
[BlackElo "1717"]
[PlyCount "99"]
[EventDate "2014.??.??"]

1. e4 c6 2. Nf3 d5 3. Nc3 dxe4 4. Nxe4 Bf5 5. Ng3 Bg6 6. h4 h6 7. Ne5 Bh7 8.
Qh5 g6 9. Bc4 e6 10. Qe2 Qe7 11. d4 Nf6 12. Bf4 Nd5 13. Bxd5 exd5 14. O-O-O f6
15. Qg4 fxe5 16. Bxe5 h5 17. Qc8+ Kf7 18. Bxh8 Qd7 19. Qxd7+ Nxd7 20. Be5 Bh6+
21. Kb1 Nxe5 22. dxe5 Ke6 23. Rhe1 Rf8 24. Re2 Rf4 25. Rh1 Rg4 26. a3 Bg8 27.
Rh3 Bf4 28. b3 Bxe5 29. f3 Rd4 30. c3 Rf4 31. Kb2 Kd6 32. Re3 Be6 33. Rh1 Bf6
34. Ne2 Rxh4 35. Rxh4 Bxh4 36. Nd4 Bf7 37. b4 Bg5 38. Re2 Bf4 39. a4 b6 40. Ka3
a6 41. a5 b5 42. Kb3 Be5 43. Nxc6 d4+ 44. Kc2 d3+ 45. Kxd3 Bc4+ 46. Ke4 Bd5+
47. Kd3 Bxc6 48. Rd2 Bd5 49. Rd1 h4 50. Rf1 0-1

[Event "16e Open International - Réunion"]
[Site "Saint-Denis (974)"]
[Date "2014.10.25"]
[Round "9"]
[White "Weber, Richard"]
[Black "Bah, Ismael"]
[Result "0-1"]
[WhiteElo "1650"]
[BlackElo "1745"]
[PlyCount "73"]
[EventDate "2014.??.??"]

1. Nf3 Nf6 2. d4 b6 3. e3 Bb7 4. Be2 e6 5. a3 c5 6. c4 d5 7. dxc5 Bxc5 8. b4
Be7 9. Bb2 dxc4 10. Qxd8+ Bxd8 11. Bxc4 O-O 12. Nbd2 Nbd7 13. O-O Rc8 14. Rac1
Ne4 15. Nxe4 Bxe4 16. Be2 Bf6 17. Rxc8 Rxc8 18. Rc1 Rxc1+ 19. Bxc1 g5 20. Nd2
Bc2 21. f3 Ne5 22. Kf2 Nd3+ 23. Bxd3 Bxd3 24. g3 e5 25. e4 h6 26. Ke3 Bb5 27.
g4 Be7 28. Nb1 a5 29. Nc3 Bc4 30. bxa5 Bc5+ 31. Kd2 bxa5 32. Na4 Bg1 33. Bb2
Bb3 34. Nc3 Bxh2 35. Nb5 Bf4+ 36. Ke1 f6 37. Nd6 {
0-1 après une soixantaine de coups.} 0-1

[Event "16e Open International - Réunion"]
[Site "Saint-Denis (974)"]
[Date "2014.10.25"]
[Round "9"]
[White "Kibria, Golam"]
[Black "Dennemont, Bruno"]
[Result "0-1"]
[WhiteElo "1699"]
[BlackElo "1620"]
[PlyCount "84"]
[EventDate "2014.??.??"]

1. c4 e5 2. Nc3 Nf6 3. b3 Bc5 4. e3 d5 5. Bb2 Nc6 6. cxd5 Nxd5 7. a3 a5 8. Bb5
Nde7 9. Ne4 Bd6 10. Qh5 O-O 11. Nf3 g6 12. Nf6+ Kg7 13. Qg5 h6 14. Qh4 Nf5 15.
Nh5+ gxh5 16. Qxh5 Qf6 17. Bd3 Qg6 18. Qh3 Nce7 19. Qg3 Qxg3 20. hxg3 Be6 21.
Bc2 b5 22. d4 exd4 23. Be4 Rab8 24. Nxd4 Be5 25. O-O-O Nxd4 26. exd4 Bf6 27.
Kc2 Rfd8 28. Rh5 Bg4 29. Bf3 Bxh5 30. Bxh5 Nf5 31. d5 Bxb2 32. Kxb2 Ne7 33. Bf3
Rd6 34. Rc1 Nxd5 35. Rc5 c6 36. Kc2 Kf6 37. Be4 Re8 38. Bd3 Re5 39. Kd2 Ne7 40.
Rxe5 Kxe5 41. Ke3 Nf5+ 42. Ke2 Nd4+ 0-1

[Event "16e Open International - Réunion"]
[Site "Saint-Denis (974)"]
[Date "2014.10.25"]
[Round "9"]
[White "Rajaobelina, Hery"]
[Black "Francou, Yvon"]
[Result "0-1"]
[WhiteElo "1887"]
[BlackElo "1670"]
[PlyCount "74"]
[EventDate "2014.??.??"]

1. e4 e5 2. Nf3 d6 3. d4 Nc6 4. Bb5 Bd7 5. O-O f6 6. c3 a6 7. Ba4 Na7 8. Bb3
Bc6 9. Re1 Ne7 10. Nbd2 Ng6 11. Nf1 Qe7 12. Ng3 O-O-O 13. a4 Qe8 14. Be3 Kb8
15. d5 Bd7 16. Bc4 Nc8 17. a5 Bb5 18. Bb3 Nge7 19. c4 Bd7 20. Bc2 g6 21. b4 f5
22. Bg5 f4 23. Bxe7 Bxe7 24. Ne2 h5 25. Ba4 g5 26. Bxd7 Qxd7 27. Nc3 g4 28. Nd2
g3 29. Nf3 gxf2+ 30. Kxf2 Rhg8 31. b5 axb5 32. cxb5 b6 33. Qa4 Rxg2+ 34. Kxg2
Rg8+ 35. Kf2 Qh3 36. Rg1 Bh4+ 37. Nxh4 Qxh4+ 0-1

[Event "16e Open International - Réunion"]
[Site "Saint-Denis (974)"]
[Date "2014.10.25"]
[Round "9"]
[White "Fontaine, Willy"]
[Black "Vitry, Patrick"]
[Result "0-1"]
[WhiteElo "1456"]
[BlackElo "1733"]
[PlyCount "94"]
[EventDate "2014.??.??"]

1. e4 c5 2. Nf3 d6 3. d4 cxd4 4. Nxd4 Nf6 5. Nc3 e6 6. Bb5+ Bd7 7. Bxd7+ Qxd7
8. Bg5 a6 9. O-O Be7 10. b3 Nc6 11. Na4 Qc7 12. Nxc6 Qxc6 13. f3 b5 14. Nb2
Qc5+ 15. Kh1 Qxg5 16. f4 Qc5 17. Nd3 Qc6 18. Qf3 Qxe4 19. Qh3 Qg6 20. Qf3 O-O
21. Rac1 d5 22. f5 Qxf5 23. Qg3 Qg4 24. Qe5 Qe4 25. Qg3 Qd4 26. Rf4 Ne4 27. Qf3
Bg5 28. c3 Qa7 29. Rf1 Bxf4 30. Qxf4 Qe7 31. h4 Qd6 32. Qxd6 Nxd6 33. g4 Rac8
34. Nb4 a5 35. Nd3 Rxc3 36. Ne5 Rh3+ 37. Kg2 Rxh4 38. Kg3 Rh6 39. g5 Ne4+ 40.
Kg4 Rh2 41. Nd7 Rc8 42. Ne5 Rg2+ 43. Kh3 Rg3+ 44. Kh4 Rc2 45. Ng4 Rcg2 46. Rc1
Rxg4+ 47. Kh3 Nxg5# 0-1

[Event "16e Open International - Réunion"]
[Site "Saint-Denis (974)"]
[Date "2014.10.25"]
[Round "9"]
[White "Riviere, Etienne"]
[Black "Cochard, Franck-Olivier"]
[Result "0-1"]
[WhiteElo "1580"]
[BlackElo "1655"]
[PlyCount "39"]
[EventDate "2014.??.??"]

1. e4 d5 2. exd5 Nf6 3. d4 Bg4 4. Be2 Bxe2 5. Nxe2 Qxd5 6. O-O Nc6 7. Be3 O-O-O
8. Nd2 Qh5 9. c4 e6 10. Nf3 Bd6 11. h3 Rhg8 12. Qc2 g5 13. c5 g4 14. Ng5 h6 15.
cxd6 hxg5 16. dxc7 Kxc7 17. b4 gxh3 18. g3 Qf3 19. Bf4+ Kc8 20. Qe4 0-1

[Event "16e Open International - Réunion"]
[Site "Saint-Denis (974)"]
[Date "2014.10.25"]
[Round "9"]
[White "Romain, Juliane"]
[Black "Romain, Arnaud"]
[Result "1/2-1/2"]
[WhiteElo "1412"]
[BlackElo "1582"]
[PlyCount "75"]
[EventDate "2014.??.??"]

1. e4 e5 2. Nf3 Nc6 3. Bc4 Be7 4. c3 Nf6 5. d3 O-O 6. Bb3 d5 7. Qe2 Bg4 8. Nbd2
b5 9. a3 a5 10. O-O Qd7 11. Qe1 dxe4 12. dxe4 Qd3 13. Ng5 h6 14. f3 Bc5+ 15.
Kh1 Bd7 16. Nxf7 Rxf7 17. Qg3 Kf8 18. Bxf7 Kxf7 19. Re1 Nh5 20. Qh4 Nf4 21. Nb3
Be7 22. Qg3 a4 23. Bxf4 Qd6 24. Red1 Qe6 25. Bxh6 gxh6 26. Nd2 Bg5 27. h4 Bf4
28. Qf2 Rg8 29. Nf1 h5 30. Rd5 Ne7 31. Rd3 Rd8 32. Qa7 Qb6 33. Qxb6 cxb6 34.
Rad1 Ke8 35. g3 Bh6 36. Rd6 Bg7 37. Rxb6 Kf7 38. Rxb5 1/2-1/2

[Event "16e Open International - Réunion"]
[Site "Saint-Denis (974)"]
[Date "2014.10.25"]
[Round "9"]
[White "Labrande, Jean Donatien"]
[Black "Labrande, Emmanuel"]
[Result "1-0"]
[WhiteElo "1372"]
[BlackElo "1389"]
[PlyCount "37"]
[EventDate "2014.??.??"]

1. e4 g6 2. d4 Bg7 3. Nc3 d6 4. Be3 a6 5. f3 b5 6. Qd2 Nd7 7. O-O-O Bb7 8. h4
h5 9. Nge2 b4 10. Nb1 a5 11. Nf4 Nb6 12. Bd3 Qd7 13. Qe2 Qa4 14. Bb5+ Bc6 15.
Bxa4 Nxa4 16. Qc4 Kd7 17. Qxf7 Nh6 18. Qe6+ Ke8 19. Nxg6 1-0

[Event "16e Open International - Réunion"]
[Site "Saint-Denis (974)"]
[Date "2014.10.25"]
[Round "9"]
[White "Atlan, Yoram"]
[Black "Mablouke, Ulrich"]
[Result "0-1"]
[WhiteElo "1270"]
[BlackElo "1702"]
[PlyCount "52"]
[EventDate "2014.??.??"]

1. e4 e5 2. Nf3 Nc6 3. Bc4 Nf6 4. d3 h6 5. Nc3 d6 6. h3 Na5 7. Bb3 Be7 8. d4
exd4 9. Qxd4 c5 10. Ba4+ Bd7 11. Bxd7+ Nxd7 12. Qxg7 Bf6 13. Qg4 Bxc3+ 14. bxc3
Nc4 15. Qg7 Qf6 16. Qxf6 Nxf6 17. O-O O-O-O 18. Re1 d5 19. e5 Ne4 20. Be3 Rhe8
21. Bxc5 Nxc5 22. Red1 Ne4 23. Nd4 Rxe5 24. Nf3 Nxc3 25. Nxe5 Nxe5 26. Rd4 Ne2+
0-1

[Event "16e Open International - Réunion"]
[Site "Saint-Denis (974)"]
[Date "2014.10.25"]
[Round "9"]
[White "Gallet, Hadrien"]
[Black "Ringayen, Francinel"]
[Result "1-0"]
[WhiteElo "1614"]
[BlackElo "1361"]
[PlyCount "57"]
[EventDate "2014.??.??"]

1. d4 d5 2. c4 dxc4 3. e4 Nc6 4. d5 Nb4 5. Qa4+ c6 6. Qxb4 cxd5 7. exd5 Qxd5 8.
Nc3 Qe6+ 9. Be3 Nf6 10. Bxc4 Qd6 11. Qxd6 exd6 12. O-O-O Be7 13. Nb5 O-O 14.
Nxd6 Bxd6 15. Rxd6 Bf5 16. Bd3 a6 17. Bxf5 Ne8 18. Rd7 b5 19. Kb1 Nf6 20. Rb7
g6 21. Bc2 Rfe8 22. Nf3 Nd5 23. Bh6 Nb4 24. Bb3 Re2 25. Rxf7 Kh8 26. Bg7+ Kg8
27. Re7+ Nd5 28. Bxd5+ Re6 29. Bxe6# 1-0

[Event "16e Open International - Réunion"]
[Site "Saint-Denis (974)"]
[Date "2014.10.25"]
[Round "9"]
[White "Labrande, Eleonore"]
[Black "Hoareau, Noe"]
[Result "1/2-1/2"]
[WhiteElo "1400"]
[BlackElo "1557"]
[PlyCount "86"]
[EventDate "2014.??.??"]

1. e4 c5 2. Nf3 e6 3. d4 cxd4 4. Nxd4 a6 5. Nc3 Qc7 6. g3 Nf6 7. Bg2 Nc6 8.
Nxc6 dxc6 9. O-O h5 10. h4 Bc5 11. Qd3 Ng4 12. Nd1 e5 13. Ne3 Qb6 14. b3 Nxe3
15. Bxe3 Bxe3 16. Qxe3 Qxe3 17. fxe3 Bg4 18. Bf3 Bxf3 19. Rxf3 f6 20. Rd1 Ke7
21. Rf2 Rad8 22. Rfd2 Rxd2 23. Rxd2 Rd8 24. Rxd8 Kxd8 25. c4 b5 26. a4 b4 27.
c5 a5 28. Kf2 Ke7 29. Kf3 Kf7 30. g4 Kg6 31. gxh5+ Kxh5 32. Kg3 g5 33. hxg5
fxg5 34. Kh3 g4+ 35. Kg3 Kg5 36. Kg2 Kh4 37. Kh2 g3+ 38. Kg1 Kg5 39. Kf1 Kg4
40. Kg2 Kh4 41. Kg1 g2 42. Kxg2 Kg4 43. Kf2 Kh4 1/2-1/2

[Event "16e Open International - Réunion"]
[Site "Saint-Denis (974)"]
[Date "2014.10.25"]
[Round "9"]
[White "Caminade, Hugo"]
[Black "Labrande, Theodore"]
[Result "0-1"]
[WhiteElo "1070"]
[BlackElo "1471"]
[PlyCount "76"]
[EventDate "2014.??.??"]

1. Nf3 Nc6 2. g3 d5 3. Bg2 e5 4. c3 f6 5. d4 e4 6. Nfd2 Bf5 7. e3 Qd7 8. O-O
O-O-O 9. c4 dxc4 10. Nxc4 Bh3 11. Nbd2 Bxg2 12. Kxg2 Qe6 13. Qa4 Rd5 14. Qc2
Rh5 15. Rh1 Qd5 16. Qxe4 Qxe4+ 17. Nxe4 f5 18. Nc5 Bxc5 19. dxc5 Nf6 20. f3 Nd7
21. b3 Nxc5 22. Bb2 Rg8 23. Rad1 g5 24. Rd5 b6 25. Rxf5 Nb4 26. a4 Nxb3 27. Rb5
c5 28. Bc3 a6 29. Nxb6+ Kb7 30. Rxb4 cxb4 31. Bd4 Nxd4 32. exd4 Kxb6 33. g4 Rh6
34. Rd1 Rd8 35. Kf2 Rxh2+ 36. Kg1 Ra2 37. d5 Rxa4 38. d6 Kc6 0-1

[Event "16e Open International - Réunion"]
[Site "Saint-Denis (974)"]
[Date "2014.10.25"]
[Round "9"]
[White "Triton, Maxime"]
[Black "Noel, Philippe"]
[Result "1-0"]
[WhiteElo "1450"]
[BlackElo "1297"]
[PlyCount "67"]
[EventDate "2014.??.??"]

1. e4 e5 2. Nf3 Nc6 3. Bb5 Nf6 4. O-O d6 5. d4 Bd7 6. Nc3 a6 7. Ba4 b5 8. Bb3
Na5 9. dxe5 Nxb3 10. axb3 Ng8 11. Re1 Bg4 12. exd6 cxd6 13. e5 Be6 14. exd6 Qd7
15. Nd4 Bxd6 16. Nxe6 fxe6 17. Nxb5 Ke7 18. Nxd6 Qxd6 19. Qxd6+ Kxd6 20. Bf4+
Ke7 21. Rad1 Nf6 22. Rd6 Kf7 23. Rdxe6 Rhc8 24. c3 a5 25. Bg5 a4 26. Bxf6 gxf6
27. bxa4 Rxa4 28. Rb6 Rca8 29. g3 h5 30. Ree6 Ra1+ 31. Kg2 Rc1 32. Rxf6+ Ke7
33. Rh6 Kd7 34. Rb7+ 1-0